01338nam a22003137a 4500003000400000005001700004008004100021040002200062082001800084100003000102245003000132260006000162300002100222366000800243490002700251505008000278505019400358505003600552650006000588650005200648650005300700650004300753650004500796650005600841650004700897700003600944942002900980999001501009OSt20230621085945.0221006b |||||||| |||| 00| 0 eng d cBiblioteca Lado V a709.05bG851a 9855aGriffin, Timeeditor aArtforum/bInternacional/ aNew Yorkc1994bNew York editorial and business offices c26.5x27cma116p. espa aEnerov1994x0864-1315 tCOLUMNSaGlamour Wounds Books American Myths Real Life Rock Cyberbabble tFEATURESgJohnny in the City: Mike Leigh's Naked The Third Set: Nan Goldin and Dominique Nabokov Critical Reflections Mark Morrisroe Yasumasa Morimura Young at Art Hot Hype Openings tREVIEWSaFocus: Gerhard Richter 2Tesauro de Arte & ArquitecturaaARTE COMTEMPORANEO9703 2Tesauro de Arte & ArquitecturaaFOTOGRAFIA9702 2Tesauro de Arte & ArquitecturaaARTE VISUAL9702 2Tesauro de Arte & ArquitecturaaLIBROS 2Tesauro de Arte & ArquitecturaaNOTICIAS 2 Tesauro de Arte & ArquitecturaaARTE INTERNACIONAL 2 Tesauro de Arte & ArquitecturaaESCULTURA aNavarreta, Jose Antonioeeditor 2ddcc1h709.05iG851an0 c3882d3882